LEADER 01303nam a2200325 i 4500 001 991000213769707536 005 20020527110831.0 008 010810s1975 it 000 0 ita d 035 $ab10046203-39ule_inst 035 $aPARLA217421$9ExL 040 $aDip.to Filosofia$bita 082 0 $a300.1 100 1 $aTopitsch, Ernst$0160184 245 12$aA che serve l'ideologia /$cErnst Topitsch ; prefazione di Furio Cerutti 260 $aRoma ; Bari :$bLaterza,$c1975 300 $aXIII, 167 p. ;$c18 cm 490 0 $aSaggi tascabili Laterza ;$v16 500 $aTit. orig.: Sozialphilosophie zwischen Ideologie und Wissenschaft 500 $aTrad. G. Backhaus 650 4$aIdeologia 650 4$aScienze sociali 700 1 $aBackhaus, Giorgio 907 $a.b10046203$b17-02-17$c27-06-02 912 $a991000213769707536 945 $aLE005 MF 34 C 36$g1$iLE005A-7072$lle005$o-$pE0.00$q-$rl$s- $t0$u0$v0$w0$x0$y.i10054212$z27-06-02 945 $aLE022 MP 70 I 19$g1$i2022000058179$lle022$o-$pE0.00$q-$rl$s- $t0$u0$v0$w0$x0$y.i13076796$z11-02-04 945 $aLE022 MP 122 D 28$g2$i2022000183260$lle022$o-$pE0.00$q-$rl$s- $t0$u0$v0$w0$x0$y.i13252537$z07-04-04 996 $aChe serve l'ideologia$9192953 997 $aUNISALENTO 998 $ale005$ale022$b01-01-01$cm$da $e-$fita$git $h2$i1 LEADER 02043nam 2200601 450 001 9910821781903321 005 20230616235550.0 010 $a1-61711-912-1 010 $a1-280-42261-0 010 $a9786610422616 010 $a1-55642-812-X 035 $a(CKB)2460000000007401 035 $a(EBL)3404755 035 $a(SSID)ssj0000293805 035 $a(PQKBManifestationID)12098272 035 $a(PQKBTitleCode)TC0000293805 035 $a(PQKBWorkID)10274502 035 $a(PQKB)10906938 035 $a(MiAaPQ)EBC3404755 035 $a(EXLCZ)992460000000007401 100 $a20040826h20052005 uy| 0 101 0 $aeng 135 $aur|n|---||||| 181 $ctxt 182 $cc 183 $acr 200 10$aDeveloping ocular motor and visual perceptual skills $ean activity workbook /$fKenneth A. Lane 210 1$aThorofare, NJ :$cSlack Incorporated,$d[2005] 210 4$dİ2005 215 $a1 online resource (309 p.) 300 $aDescription based upon print version of record. 311 $a1-55642-595-3 320 $aIncludes bibliographical references. 327 $aThe complexity of reading -- Eye movements and reading -- Ocular motor -- Gross motor -- Visual-motor perception -- Visual memory -- Laterality -- Reversals -- Examples of daily lesson plans -- Appendix: important names and addresses. 606 $aVision disorders in children 606 $aEye$xMovement disorders 606 $aVisual perception in children 606 $aVisual training 606 $aLearning disabled children 615 0$aVision disorders in children. 615 0$aEye$xMovement disorders. 615 0$aVisual perception in children. 615 0$aVisual training. 615 0$aLearning disabled children. 676 $a618.9 700 $aLane$b Kenneth A.$01709382 801 0$bMiAaPQ 801 1$bMiAaPQ 801 2$bMiAaPQ 906 $aBOOK 912 $a9910821781903321 996 $aDeveloping ocular motor and visual perceptual skills$94099093 997 $aUNINA